مكتبة جامعة عجلون الوطنية

فهرس بحث المكتبة

 نحو سوق مالية إسلامية (Record no. 23026)

MARC details
000 -LEADER
fixed length control field 00865nam a2200241Ii 4500
003 - CONTROL NUMBER IDENTIFIER
control field JO-AjNU
008 - FIXED-LENGTH DATA ELEMENTS--GENERAL INFORMATION
fixed length control field 230605s9999||||xx |||||||||||||| ||und||
017 ## - COPYRIGHT OR LEGAL DEPOSIT NUMBER
Copyright or legal deposit number 2005/18110
020 ## - INTERNATIONAL STANDARD BOOK NUMBER
International Standard Book Number 977-342-224-7
040 ## - CATALOGING SOURCE
Original cataloging agency JO-AjNU
Language of cataloging ara
Description conventions rda
Transcribing agency JO-AjNU
041 ## - LANGUAGE CODE
Language code of text/sound track or separate title ara
050 14 - LIBRARY OF CONGRESS CALL NUMBER
Classification number HG5713.D38 2006
100 3# - MAIN ENTRY--PERSONAL NAME
Personal name تأليف دوابه، اشرف محمد,
Relator term author
9 (RLIN) 44967
245 00 - TITLE STATEMENT
Title  نحو سوق مالية إسلامية
250 ## - EDITION STATEMENT
Edition statement ط1
264 31 - PRODUCTION, PUBLICATION, DISTRIBUTION, MANUFACTURE, AND COPYRIGHT NOTICE
Place of production, publication, distribution, manufacture القاهرة: دار السلام للطباعة والنشر والتوزيع، 2006
300 ## - PHYSICAL DESCRIPTION
Extent 174ص
336 ## - CONTENT TYPE
Content type term text
Content type code txt
Source rdacontent
337 ## - MEDIA TYPE
Media type term unmediated
Media type code n
Source rdamedia
338 ## - CARRIER TYPE
Carrier type term volume
Carrier type code nc
Source rdacarrier
490 0# - SERIES STATEMENT
Series statement سلسلة تبسيط الفكر الاسلامي في مجال التمويل والاستثمار ؛2
650 #4 - SUBJECT ADDED ENTRY--TOPICAL TERM
Topical term or geographic name entry element البورصات - فقه اسلامي
9 (RLIN) 44968
Holdings
Withdrawn status Lost status Source of classification or shelving scheme Damaged status Not for loan Home library Current library Shelving location Date acquired Total Checkouts Full call number Barcode Date last seen Price effective from Koha item type
    Library of Congress Classification     مكتبة جامعة عجلون الوطنية مكتبة جامعة عجلون الوطنية المجموعات العامة 06/06/2023   HG5713.D38 2006 A19458 06/06/2023 06/06/2023 Books